Logo Biblioteca

Juan Salvador Gaviota : (Registro nro. 900)

Detalles MARC
000 -LEADER
fixed length control field 01113nam a22002177a 4500
003 - CONTROL NUMBER IDENTIFIER
control field AR-RoUNCS
005 - DATE AND TIME OF LATEST TRANSACTION
control field 20260212095150.0
008 - FIXED-LENGTH DATA ELEMENTS--GENERAL INFORMATION
fixed length control field 050714s1977 cl |||||||||||||| ||spa
040 ## - CATALOGING SOURCE
Original cataloging agency AR-BaBN
Language of cataloging spa
Transcribing agency AR-RoUNCS
Description conventions aacr
080 ## - UNIVERSAL DECIMAL CLASSIFICATION NUMBER
Authority record control number or standard number 82-32(73)
100 1# - MAIN ENTRY--PERSONAL NAME
Personal name Bach, Richard,
Dates associated with a name 1936-
Relator term autor
Relationship aut
245 10 - TITLE STATEMENT
Title Juan Salvador Gaviota :
Remainder of title un relato /
Statement of responsibility, etc. Richard Bach ; fotografías de Russell Munson.
250 ## - EDITION STATEMENT
Edition statement 4a ed.
260 ## - PUBLICATION, DISTRIBUTION, ETC.
Place of publication, distribution, etc. Santiago de Chile :
Name of publisher, distributor, etc. Pomaire,
Date of publication, distribution, etc. 1977.
300 ## - PHYSICAL DESCRIPTION
Extent 144 p. ;
Dimensions 18 cm.
520 3# - SUMMARY, ETC.
Summary, etc. Juan Salvador Gaviota es una fábula sobre una gaviota que se rebela contra la vida monótona de su bandada, que solo se preocupa por comer, para dedicarse a la búsqueda de la perfección en el vuelo, explorando nuevas alturas y acrobacias, lo que le lleva a ser exiliada pero la conduce a descubrir la libertad, el autoconocimiento y un propósito más elevado, enseñando que se puede trascender los límites impuestos por uno mismo y la sociedad.
650 #7 - SUBJECT ADDED ENTRY--TOPICAL TERM
Source of heading or term embne
Topical term or geographic name entry element Literatura norteamericana
655 #7 - INDEX TERM--GENRE/FORM
Source of term embne
Genre/form data or focus term Novelas cortas
700 1# - ADDED ENTRY--PERSONAL NAME
Personal name Munson, Russell,
Relator term fotógrafo
942 ## - ADDED ENTRY ELEMENTS (KOHA)
Source of classification or shelving scheme Universal Decimal Classification
Koha item type Obra General
Suppress in OPAC No
Existencias
Withdrawn status Lost status Source of classification or shelving scheme Damaged status Not for loan Collection Home library Current library Date acquired Source of acquisition Total checkouts Full call number Barcode Date last seen Price effective from Koha item type
    Universal Decimal Classification     Colección General Biblioteca Escuela de Ciencias Sociales Biblioteca Escuela de Ciencias Sociales 12/02/2026 Donación 2023   82-32(73) B118 000686 12/02/2026 12/02/2026 Obra General
Biblioteca de la Escuela Preuniversitaria en Ciencias Sociales y Humanísticas.
Riobamba 250 bis.
CP 2000 - Rosario - Santa Fe
E-Mail: biblioteca@esociales.unr.edu.ar